Statistics for All PARTYNEXTDOOR Songs

Click here to take the quiz!

General Stats

  • This quiz has been taken 262 times
    (173 since last reset)
  • The average score is 36 of 88

Answer Stats

AlbumSong% Correct
PARTYNEXTDOORBreak from Toronto
83%
PARTYNEXTDOOR TWOHer Way
80%
PARTYNEXTDOOR TWORecognize
78%
PARTYNEXTDOORWus Good / Curious
78%
PARTYNEXTDOOR TWOBelong to the City
75%
PARTYNEXTDOOR TWOSex on the Beach
74%
PARTYNEXTDOOR 3Come and See Me
72%
PARTYNEXTDOORTBH
72%
PARTYNEXTDOORBallin'
71%
PARTYNEXTDOORWelcome to the Party
71%
COLOURSFREAK IN YOU
70%
Colours 2Freak in You
70%
Single #4R e s e n t m e n t
67%
PARTYNEXTDOOR TWOFWU
66%
PARTYPACKPERSIAN RUGS
62%
PartymobileLoyal
59%
PartymobileLoyal
59%
PARTYNEXTDOOR TWOThirsty
58%
PARTYPACKWEST DISTRICT
57%
PARTYNEXTDOORMake a Mil
56%
PARTYNEXTDOOR 3Not Nice
56%
PartymobileThe News
56%
PARTYNEXTDOOR 3Don't Run
55%
PARTYNEXTDOOROver Here
55%
PartymobileBelieve It
50%
PARTYNEXTDOOR TWOGrown Woman
49%
PartymobileSavage Anthem
49%
PARTYNEXTDOOR TWOMuse
48%
PARTYNEXTDOORRight Now
48%
PARTYNEXTDOOR TWOSLS
48%
PARTYNEXTDOOR TWOEast Liberty
46%
PARTYNEXTDOOR TWOOptions
44%
PARTYNEXTDOORWild B***hes
44%
PARTYNEXTDOOR TWOBout It
43%
Colours 2Peace of Mind
43%
COLOURSPEACE OF MIND
43%
PARTYNEXTDOORRelax with Me
42%
Single #3Her Old Friends
41%
COLOURSLET'S GET MARRIED
41%
ColoursLet's Get Married
41%
PARTYNEXTDOOR 3Only U
39%
PARTYPACKTHINGS & SUCH
37%
PartymobileShowing You
36%
PartymobileSplit Decision
36%
PARTYNEXTDOOR 3Brown Skin
34%
ColoursGirl from Oakland
34%
COLOURSGIRL FROM OAKLAND
34%
COLOURSJUS KNOW
34%
COLOURSLOW BATTERY
34%
Colours 2Low Battery
34%
PARTYNEXTDOOR 3Temptations
34%
PARTYNEXTDOOR 3You've Been Missed
32%
PARTYNEXTDOOR 31942
31%
PartymobileAnother Day
31%
PARTYPACKBUZZIN'
31%
PARTYNEXTDOOR 3Don't Know How
31%
PARTYNEXTDOOR 3Joy
31%
PartymobileNothing Less
31%
PARTYNEXTDOOR 3High Hopes
30%
PartymobilePGT
30%
PARTYPACKCANDY
29%
Single #2Excitement
29%
Colours 2Rendezvous
29%
COLOURSRENDEZVOUS
29%
PartymobileTurn Up
29%
PARTYPACKCUFFED UP
28%
PARTYNEXTDOOR 3Transparency
28%
PartymobileEye on It
27%
PartymobileTouch Me
27%
Seven DaysDamage
26%
PARTYNEXTDOOR 3Nobody
26%
PARTYNEXTDOOR 3Spiteful
26%
Seven DaysBest Friends
25%
ColoursDon't Worry
25%
COLOURSDON'T WORRY
25%
PartymobileTrauma
25%
Seven DaysBetter Man
24%
Seven DaysBad Intentions
23%
PartymobileNever Again
23%
PARTYNEXTDOOR 3Nothing Easy to Please
22%
PARTYNEXTDOOR 3Problems & Selfless
22%
PARTYPACKDON'T DO IT FOR YOU NO MORE
20%
Seven DaysLove Me Again
20%
Seven DaysThe Right Way
20%
Life on EarthMy Affection
18%
Seven DaysNever Played Me
16%
ColoursJuss Know
7%
SingleLike Dat
2%

Score Distribution

Percentile by Number Answered

Percent of People with Each Score

Your Score History

You have not taken this quiz since the last reset